[Event "Aktobe Dvorkovich op-A"]
[Site "Aktobe"]
[Date "2025.06.25"]
[Round "4"]
[White "Asylov, Miras"]
[Black "Simonian, Hrair"]
[Result "1/2-1/2"]
[WhiteElo "2319"]
[BlackElo "2404"]
[PlyCount "123"]
[EventDate "2025.06.22"]
[EventType "swiss"]
[EventRounds "9"]
[EventCountry "KAZ"]
[SourceTitle "CB27_2025"]
[SourceDate "2025.07.02"]
[SourceVersion "1"]
[SourceVersionDate "2025.07.02"]
[SourceQuality "1"]

1. e4 c5 2. Nf3 g6 3. Bc4 Nc6 4. 0-0 Bg7 5. c3 e6 6. Re1 Nge7 7. Bb3 d5 8. d3 0-0 9. e5 d4 10. cxd4 Nxd4 11. Nxd4 Qxd4 12. Nc3 Nc6 13. Re4 Qd7 14. Bf4 Nd4 15. Qd2 b6 16. Rae1 Bb7 17. R4e3 a5 18. Rh3 Nxb3 19. axb3 h5 20. Bh6 Qd4 21. Bxg7 Kxg7 22. Qg5 f6 23. exf6+ Qxf6 24. Qxf6+ Rxf6 25. Rhe3 Kf7 26. Ne4 Bxe4 27. Rxe4 Rd8 28. R1e3 Rd6 29. Kf1 Rf5 30. Ke2 g5 31. g4 hxg4 32. Rxg4 Rd4 33. Reg3 Kf6 34. Re4 Rf4 35. Rxd4 Rxd4 36. Rf3+ Ke5 37. Re3+ Kd5 38. Rg3 g4 39. f3 gxf3+ 40. Rxf3 Rb4 41. Kd2 Rxb3 42. Kc2 Rb4 43. Rh3 Rf4 44. Rh8 b5 45. Rb8 Rf2+ 46. Kc1 b4 47. Rd8+ Ke5 48. h4 Rh2 49. Ra8 Kd4 50. Rd8+ Ke3 51. b3 Rxh4 52. Rd6 Rd4 53. Rxe6+ Kxd3 54. Re5 c4 55. Rxa5 Kc3 56. bxc4 b3 57. Rd5 Rh4 58. Rd1 Rh2 59. Rg1 Rc2+ 60. Kb1 Rb2+ 61. Kc1 Ra2 62. Rg3+ 1/2-1/2

[Event "Ljubljana op"]
[Site "Ljubljana"]
[Date "2025.05.01"]
[Round "5"]
[White "Asylov, Miras"]
[Black "Goroshkov, Maksym"]
[Result "1-0"]
[WhiteElo "2264"]
[BlackElo "2382"]
[PlyCount "79"]
[EventDate "2025.04.28"]
[EventType "swiss"]
[EventRounds "9"]
[EventCountry "SLO"]
[SourceTitle "CB19_2025"]
[SourceDate "2025.05.07"]
[SourceVersion "1"]
[SourceVersionDate "2025.05.07"]
[SourceQuality "1"]

1. e4 e5 2. Nf3 Nc6 3. Bb5 a6 4. Ba4 Nf6 5. 0-0 Be7 6. Re1 b5 7. Bb3 0-0 8. a4 b4 9. a5 d5 10. exd5 Nxd5 11. Nxe5 Nxe5 12. Rxe5 Nf6 13. h3 Bd6 14. Re1 Ng4 15. Re4 Bf5 16. Rxg4 Bxg4 17. hxg4 Qh4 18. d4 Qh2+ 19. Kf1 Qh1+ 20. Ke2 Qxg2 21. Be3 Rae8 22. Nd2 Qxg4+ 23. Nf3 Bf4 24. Qh1 Qf5 25. Rg1 c5 26. Qg2 g6 27. Qg4 Qf6 28. Kd2 Re4 29. Kd3 Rfe8 30. Ne5 Rxd4+ 31. Bxd4 Bxe5 32. Bxc5 Bxb2 33. Be3 Qe5 34. Qf4 Qb5+ 35. Bc4 Rd8+ 36. Ke2 Qh5+ 37. Qf3 Qxa5 38. Qxf7+ Kh8 39. Rh1 Bg7 40. Qxg6 1-0

[Event "Ljubljana op"]
[Site "Ljubljana"]
[Date "2025.04.29"]
[Round "2"]
[White "Ghosh, Diptayan"]
[Black "Asylov, Miras"]
[Result "1-0"]
[WhiteElo "2573"]
[BlackElo "2264"]
[PlyCount "57"]
[EventDate "2025.04.28"]
[EventType "swiss"]
[EventRounds "9"]
[EventCountry "SLO"]
[SourceTitle "CB19_2025"]
[SourceDate "2025.05.07"]
[SourceVersion "1"]
[SourceVersionDate "2025.05.07"]
[SourceQuality "1"]

1. Nf3 Nf6 2. g3 b6 3. Bg2 Bb7 4. 0-0 e6 5. c4 Be7 6. d4 0-0 7. Re1 Na6 8. a3 c5 9. d5 exd5 10. Nh4 Ne4 11. cxd5 Bxh4 12. Bxe4 Bf6 13. Nc3 d6 14. Bf4 Nc7 15. Bg2 Re8 16. e4 b5 17. Rc1 a5 18. e5 dxe5 19. Be3 e4 20. d6 Bxc3 21. dxc7 Qxd1 22. Rexd1 Bxb2 23. Rxc5 b4 24. axb4 a4 25. Rb5 a3 26. Rxb7 a2 27. Bh3 a1Q 28. Rxa1 Bxa1 29. Ra7 1-0

[Event "Almaty zt 3.4"]
[Site "Almaty"]
[Date "2025.04.05"]
[Round "5"]
[White "Rakhmatullaev, Almas"]
[Black "Asylov, Miras"]
[Result "1-0"]
[WhiteElo "2413"]
[BlackElo "2264"]
[PlyCount "75"]
[EventDate "2025.04.02"]
[EventType "swiss"]
[EventRounds "9"]
[EventCountry "KAZ"]
[SourceTitle "CB15_2025"]
[SourceDate "2025.04.09"]
[SourceVersion "1"]
[SourceVersionDate "2025.04.09"]
[SourceQuality "1"]

1. e4 c5 2. Nf3 e6 3. b3 b6 4. Bb2 Bb7 5. Nc3 Nf6 6. e5 Ne4 7. Ne2 Ng5 8. Nfg1 h6 9. h4 Nh7 10. Nf3 Be7 11. d4 Qc7 12. Qd2 Nc6 13. 0-0-0 Rd8 14. dxc5 bxc5 15. Nc3 0-0 16. Nb5 Qb8 17. Nd6 Ba8 18. Bd3 f5 19. Bc4 Nb4 20. Kb1 Nd5 21. h5 Ng5 22. Bxd5 Bxd5 23. Nxg5 Bxg5 24. f4 Be7 25. c4 Bc6 26. Rhg1 Kh8 27. Qe3 Bxd6 28. exd6 Rf7 29. g4 Qb7 30. gxf5 Be4+ 31. Ka1 Bxf5 32. Bxg7+ Rxg7 33. Qe5 Rdg8 34. Rxg7 Rxg7 35. Rg1 Bg4 36. Rxg4 Qh1+ 37. Kb2 Qh2+ 38. Ka3 1-0

[Event "Titled Tuesday intern op 25th Mar Early"]
[Site "Chess.com INT"]
[Date "2025.03.25"]
[Round "7"]
[White "Asylov, Miras"]
[Black "Adewumi, Tanitoluwa"]
[Result "1-0"]
[WhiteElo "2274"]
[BlackElo "2362"]
[PlyCount "173"]
[EventDate "2025.03.25"]
[EventType "swiss (blitz)"]
[EventRounds "11"]
[EventCountry "USA"]
[SourceTitle "CB14_2025"]
[SourceDate "2024.11.01"]
[SourceVersion "1"]
[SourceVersionDate "2024.11.01"]
[SourceQuality "1"]

1. f4 d5 2. Nf3 Nc6 3. e3 Bg4 4. b3 e5 5. fxe5 Nxe5 6. Be2 Bxf3 7. Bxf3 c6 8. 0-0 Bd6 9. Bb2 Nf6 10. Nc3 0-0 11. Qe1 Ng6 12. Ne2 Re8 13. Bxf6 gxf6 14. Nd4 Re5 15. Qf2 Rg5 16. g3 Qe7 17. Bg2 Be5 18. Rae1 Kh8 19. Nf3 Rf5 20. g4 Rxf3 21. Bxf3 Rg8 22. Kh1 f5 23. gxf5 Nh4 24. Rg1 Rg5 25. Bg4 Rg7 26. Bh3 Rg5 27. Rxg5 Qxg5 28. Rg1 Qh5 29. d4 Nf3 30. Bg4 Qxh2+ 31. Qxh2 Bxh2 32. Rg2 Ng5 33. Kxh2 Ne4 34. Bf3 Nf6 35. Kg3 h6 36. Kf4 Nd7 37. Bh5 Nf6 38. Bxf7 Ne4 39. Ke5 Ng5 40. Be6 Kg7 41. f6+ Kg6 42. Bf5+ Kf7 43. Rxg5 hxg5 44. Be6+ Kg6 45. f7 Kg7 46. Kf5 c5 47. Kxg5 cxd4 48. exd4 a5 49. Bxd5 b6 50. Kf5 a4 51. bxa4 Kf8 52. Ke6 b5 53. axb5 Kg7 54. b6 Kh7 55. Be4+ Kg7 56. Bd3 Kf8 57. a3 Kg7 58. Bc4 Kf8 59. Bd3 Kg7 60. Be4 Kf8 61. Bd5 Kg7 62. Ba8 Kf8 63. Bh1 Kg7 64. a4 Kf8 65. Bg2 Kg7 66. Bf3 Kf8 67. Bg4 Kg7 68. d5 Kf8 69. d6 Kg7 70. d7 Kh7 71. d8Q Kg6 72. f8Q Kh7 73. Qf7+ Kh6 74. Qff6+ Kh7 75. Qf4 Kg7 76. a5 Kh7 77. a6 Kg7 78. a7 Kh7 79. a8Q Kg7 80. b7 Kh7 81. b8Q Kg6 82. c4 Kh7 83. c5 Kg7 84. c6 Kg6 85. c7 Kh7 86. c8Q Kg7 87. Qg8# 1-0

[Event "Titled Tuesday intern op 25th Mar Early"]
[Site "Chess.com INT"]
[Date "2025.03.25"]
[Round "1"]
[White "Asylov, Miras"]
[Black "Soraas, Torben"]
[Result "1-0"]
[WhiteElo "2274"]
[BlackElo "2111"]
[PlyCount "81"]
[EventDate "2025.03.25"]
[EventType "swiss (blitz)"]
[EventRounds "11"]
[EventCountry "USA"]
[SourceTitle "CB14_2025"]
[SourceDate "2024.11.01"]
[SourceVersion "1"]
[SourceVersionDate "2024.11.01"]
[SourceQuality "1"]

1. b3 b6 2. Bb2 Bb7 3. Nf3 Nf6 4. e3 e6 5. c4 c5 6. d4 cxd4 7. exd4 d6 8. Bd3 Be7 9. 0-0 0-0 10. Nc3 Nbd7 11. Re1 a6 12. d5 e5 13. a4 Nc5 14. Bc2 a5 15. Nd2 g6 16. Qf3 Bc8 17. h3 Nh5 18. Nb5 Nf4 19. Ne4 Nb7 20. Ng3 f5 21. Ne2 Nxe2+ 22. Qxe2 Bd7 23. Nd4 Bf6 24. Ne6 Bxe6 25. dxe6 Qe7 26. Rad1 Qxe6 27. Rd5 Rac8 28. Red1 Rc6 29. Qe3 Nc5 30. Qd2 Nb7 31. Ba3 Be7 32. Bb1 Nc5 33. Bc2 Rfc8 34. Qe2 Bf8 35. Bc1 Qf6 36. Bb2 Be7 37. f4 Qe6 38. fxe5 dxe5 39. Rxe5 Qf7 40. Rxe7 Qf8 41. Rg7+ 1-0

[Event "Titled Tuesday intern op 25th Mar Early"]
[Site "Chess.com INT"]
[Date "2025.03.25"]
[Round "6"]
[White "Pajcin, Lav"]
[Black "Asylov, Miras"]
[Result "0-1"]
[WhiteElo "2243"]
[BlackElo "2274"]
[PlyCount "76"]
[EventDate "2025.03.25"]
[EventType "swiss (blitz)"]
[EventRounds "11"]
[EventCountry "USA"]
[SourceTitle "CB14_2025"]
[SourceDate "2024.11.01"]
[SourceVersion "1"]
[SourceVersionDate "2024.11.01"]
[SourceQuality "1"]

1. d4 g6 2. c4 d6 3. Nc3 Bg7 4. e4 c5 5. d5 Bxc3+ 6. bxc3 e5 7. f4 Nd7 8. Nf3 Qe7 9. fxe5 Nxe5 10. Nxe5 Qxe5 11. Be2 Qxc3+ 12. Bd2 Qd4 13. Qc1 f6 14. Bc3 Qxe4 15. 0-0 Bf5 16. Qb2 0-0-0 17. Rae1 Qh4 18. a4 Rf8 19. a5 Nh6 20. a6 b6 21. g3 Qh3 22. Ba5 Kc7 23. Bf3 Rf7 24. Re2 Bd3 25. Bg2 Qd7 26. Rxf6 Bxe2 27. Rxf7 Nxf7 28. Bc3 Re8 29. Qd2 Bxc4 30. h4 Re2 31. Qf4 Rxg2+ 32. Kxg2 Bxa6 33. Qf6 Bb7 34. Qg7 Bxd5+ 35. Kh2 Ne5 36. Qf6 Ng4+ 37. Kg1 Nxf6 38. Bxf6 Qf5 0-1

[Event "Titled Tuesday intern op 25th Mar Early"]
[Site "Chess.com INT"]
[Date "2025.03.25"]
[Round "8"]
[White "Rustemov, Alexander"]
[Black "Asylov, Miras"]
[Result "0-1"]
[WhiteElo "2525"]
[BlackElo "2274"]
[PlyCount "98"]
[EventDate "2025.03.25"]
[EventType "swiss (blitz)"]
[EventRounds "11"]
[EventCountry "USA"]
[SourceTitle "CB14_2025"]
[SourceDate "2024.11.01"]
[SourceVersion "1"]
[SourceVersionDate "2024.11.01"]
[SourceQuality "1"]

1. d4 Nf6 2. c4 c5 3. d5 b5 4. cxb5 a6 5. e3 e6 6. Nc3 exd5 7. Nxd5 Bb7 8. Nxf6+ Qxf6 9. Nf3 Be7 10. a4 0-0 11. Be2 d5 12. 0-0 Rd8 13. Rb1 axb5 14. axb5 Nd7 15. b3 Ra2 16. Bd2 Rda8 17. b4 d4 18. bxc5 Bxc5 19. exd4 Bd6 20. Be3 Nb6 21. Ne5 Nd5 22. Bf3 Nc3 23. Qd3 Bxf3 24. Qxc3 Bxe5 25. gxf3 Bd6 26. Qc6 Rb8 27. f4 Qg6+ 28. Qg2 Qf5 29. b6 Ra6 30. b7 Bc7 31. Rfc1 Rg6 32. Rb2 Rxg2+ 33. Kxg2 Qg4+ 34. Kf1 Qh3+ 35. Ke1 Qd7 36. d5 Bd6 37. Rc6 h5 38. Rcb6 Bc7 39. R6b5 g6 40. Ke2 Re8 41. Kf1 Bb8 42. Kg2 Qg4+ 43. Kf1 Qh3+ 44. Ke2 Qd7 45. Kf1 Rd8 46. Kg2 Qg4+ 47. Kf1 Qd1+ 48. Kg2 Rxd5 49. R5b3 Qg4+ 0-1

[Event "Wch U20 62nd"]
[Site "Petrovac"]
[Date "2025.03.06"]
[Round "10"]
[White "Lamaze, Simon"]
[Black "Asylov, Miras"]
[Result "1-0"]
[WhiteElo "2447"]
[BlackElo "2285"]
[PlyCount "75"]
[EventDate "2025.02.25"]
[EventType "swiss"]
[EventRounds "11"]
[EventCountry "MNE"]
[SourceTitle "CB11_2025"]
[SourceDate "2025.03.12"]
[SourceVersion "1"]
[SourceVersionDate "2025.03.12"]
[SourceQuality "1"]

1. e4 e5 2. Nf3 Nc6 3. Bc4 Nf6 4. d3 h6 5. c3 d6 6. 0-0 g6 7. d4 Qe7 8. Re1 Bg7 9. h3 0-0 10. a4 a5 11. Na3 Rd8 12. Qb3 Nb8 13. Be3 c6 14. dxe5 dxe5 15. Nh4 Nfd7 16. g3 Nf8 17. Bb6 Rd2 18. Nf3 Rd7 19. h4 Bf6 20. h5 Kg7 21. Nc2 Qe8 22. hxg6 fxg6 23. Ne3 Bd8 24. Rad1 Bf6 25. Rxd7+ Nbxd7 26. Ng4 Nxb6 27. Nxf6 Kxf6 28. Qxb6 Qe7 29. Rd1 Bg4 30. Rd3 Ne6 31. Bxe6 Kxe6 32. Nh2 Be2 33. Qb3+ Kf6 34. Rd2 Ba6 35. Ng4+ Kg7 36. Nxe5 Qxe5 37. Rd7+ Kh8 38. Qf7 1-0

[Event "Wch U20 62nd"]
[Site "Petrovac"]
[Date "2025.03.02"]
[Round "6"]
[White "Prraneeth, Vuppala"]
[Black "Asylov, Miras"]
[Result "1-0"]
[WhiteElo "2442"]
[BlackElo "2285"]
[PlyCount "57"]
[EventDate "2025.02.25"]
[EventType "swiss"]
[EventRounds "11"]
[EventCountry "MNE"]
[SourceTitle "CB11_2025"]
[SourceDate "2025.03.12"]
[SourceVersion "1"]
[SourceVersionDate "2025.03.12"]
[SourceQuality "1"]

1. Nf3 Nf6 2. c4 b6 3. g3 Bb7 4. Bg2 e6 5. 0-0 Be7 6. d4 0-0 7. Re1 Na6 8. h4 Qc8 9. Nc3 Ne4 10. Nxe4 Bxe4 11. Bh3 c5 12. Ng5 Bg6 13. d5 exd5 14. cxd5 h6 15. Nf3 Be4 16. Ne5 Qc7 17. Bf4 Bd6 18. f3 Rfe8 19. Nxf7 Bxf4 20. d6 Be3+ 21. Kh2 Qc6 22. fxe4 c4 23. Rf1 Rxe4 24. Bg2 Rae8 25. Rf5 Bd4 26. e3 Bxb2 27. Qh5 R8e6 28. Raf1 Nc5 29. Ng5 1-0

[Event "Wch U20 62nd"]
[Site "Petrovac"]
[Date "2025.02.26"]
[Round "2"]
[White "Royal, Shreyas"]
[Black "Asylov, Miras"]
[Result "1-0"]
[WhiteElo "2488"]
[BlackElo "2285"]
[PlyCount "85"]
[EventDate "2025.02.25"]
[EventType "swiss"]
[EventRounds "11"]
[EventCountry "MNE"]
[SourceTitle "CB11_2025"]
[SourceDate "2025.03.12"]
[SourceVersion "1"]
[SourceVersionDate "2025.03.12"]
[SourceQuality "1"]

1. d4 Nf6 2. c4 e6 3. Nc3 Bb4 4. e3 0-0 5. Nf3 Bxc3+ 6. bxc3 d6 7. Bd3 Re8 8. e4 e5 9. 0-0 exd4 10. cxd4 Nxe4 11. Re1 Nf6 12. Rxe8+ Qxe8 13. h3 Nbd7 14. Bb2 d5 15. Qb3 Nb6 16. c5 Nc4 17. Re1 Qd8 18. Bc1 h6 19. Bf4 b6 20. Ne5 Nxe5 21. Bxe5 Be6 22. Bb1 Nd7 23. Qd3 Nxe5 24. Qh7+ Kf8 25. Rxe5 bxc5 26. f4 Rb8 27. Bc2 Rb2 28. Rxe6 fxe6 29. Qh8+ Ke7 30. Qxg7+ Kd6 31. dxc5+ Kxc5 32. Qc3+ Kd6 33. Qxb2 Qh4 34. Qe5+ Kd7 35. Ba4+ c6 36. Qc3 Qxf4 37. Qxc6+ Ke7 38. Qe8+ Kf6 39. Qf8+ Ke5 40. Qb8+ Ke4 41. Bc2+ Ke3 42. Qxf4+ Kxf4 43. Kf2 1-0

[Event "Pavlodar Nikitin Memorial"]
[Site "Pavlodar"]
[Date "2025.02.04"]
[Round "7"]
[White "Asylov, Miras"]
[Black "Fedorov, Alexei"]
[Result "0-1"]
[WhiteElo "2294"]
[BlackElo "2409"]
[PlyCount "120"]
[EventDate "2025.01.31"]
[EventType "tourn"]
[EventRounds "9"]
[EventCountry "KAZ"]
[EventCategory "2"]
[SourceTitle "CB07_2025"]
[SourceDate "2025.02.12"]
[SourceVersion "1"]
[SourceVersionDate "2025.02.12"]
[SourceQuality "1"]

1. d4 Nf6 2. Nf3 g6 3. Nbd2 Bg7 4. e4 d6 5. Bb5+ Nfd7 6. 0-0 0-0 7. Re1 Nc6 8. Nc4 Nb6 9. Bxc6 Nxc4 10. Bb5 Nb6 11. Be3 c6 12. Bd3 e5 13. dxe5 dxe5 14. a4 Qe7 15. Nd2 Rd8 16. Qb1 Nd7 17. b4 Nf8 18. Bc4 Ne6 19. c3 Nf4 20. Bf1 Be6 21. Qc2 h5 22. b5 cxb5 23. axb5 b6 24. Ra4 Rac8 25. Rea1 Rc7 26. c4 h4 27. Nb1 Rdd7 28. Nc3 Bf8 29. c5 bxc5 30. g3 g5 31. Bc4 Bxc4 32. Rxc4 Qe6 33. Nd5 Nxd5 34. exd5 Qxd5 35. gxh4 f5 36. Bxg5 e4 37. Rf1 Qd3 38. Qxd3 exd3 39. Rd1 Kf7 40. Bf4 Rc8 41. Kg2 Rcd8 42. Bg5 Rb8 43. Rc3 c4 44. Rxc4 Rxb5 45. Ra4 a5 46. Kf3 Bb4 47. Bd2 Ke6 48. Ke3 Re5+ 49. Kf3 Rd4 50. Be3 Rdd5 51. h5 d2 52. Ra2 Kf7 53. h6 Rd3 54. Rc2 Bc3 55. Ke2 Red5 56. Bxd2 Rxd2+ 57. Rdxd2 Rxd2+ 58. Rxd2 Bxd2 59. Kxd2 Kg6 60. Kd3 Kxh6 0-1

[Event "Titled Tuesday intern op 07th Jan Early"]
[Site "Chess.com INT"]
[Date "2025.01.07"]
[Round "11"]
[White "Asylov, Miras"]
[Black "Salinas Herrera, Pablo Patricio"]
[Result "0-1"]
[WhiteElo "2294"]
[BlackElo "2471"]
[PlyCount "58"]
[EventDate "2025.01.07"]
[EventType "swiss (blitz)"]
[EventRounds "11"]
[EventCountry "USA"]
[SourceTitle "CB03_2025"]
[SourceDate "2025.01.15"]
[SourceVersion "1"]
[SourceVersionDate "2025.01.15"]
[SourceQuality "1"]

1. b3 d5 2. Bb2 Bf5 3. d3 e6 4. Nd2 h6 5. g3 Bh7 6. Bg2 Nf6 7. e4 Be7 8. Nh3 0-0 9. 0-0 a5 10. a3 a4 11. b4 c5 12. bxc5 Bxc5 13. Nf4 dxe4 14. Nxe4 Nxe4 15. dxe4 Nc6 16. Rb1 Qxd1 17. Rfxd1 Rfd8 18. Nd3 Bf8 19. Kf1 Rac8 20. f4 Na5 21. Ne5 f6 22. Nd7 Be7 23. e5 Bxc2 24. exf6 Bxd1 25. Rxd1 gxf6 26. Bxf6 Bxf6 27. Nxf6+ Kf7 28. Rxd8 Rxd8 29. Ne4 Rd3 0-1

[Event "Wch U16 blitz"]
[Site "Terme Catez"]
[Date "2024.12.16"]
[Round "17"]
[White "Asylov, Miras"]
[Black "Kalinin, Nikita An"]
[Result "1/2-1/2"]
[WhiteElo "2138"]
[BlackElo "2257"]
[PlyCount "139"]
[EventDate "2024.12.16"]
[EventType "swiss (blitz)"]
[EventRounds "22"]
[EventCountry "SLO"]
[SourceTitle "CB51_2024"]
[SourceDate "2024.12.18"]
[SourceVersion "1"]
[SourceVersionDate "2024.12.18"]
[SourceQuality "1"]

1. e4 c5 2. Nf3 Nc6 3. Bb5 g6 4. 0-0 Bg7 5. c3 Nf6 6. Re1 0-0 7. d4 cxd4 8. cxd4 d6 9. h3 Bd7 10. Nc3 Rc8 11. Bg5 a6 12. Bf1 Qa5 13. Qd2 Rfd8 14. Rac1 b5 15. a3 Qb6 16. Qe3 Qa7 17. Rcd1 b4 18. axb4 Nxb4 19. Qd2 Nc6 20. Qe3 Nb4 21. Rd2 Qb7 22. Qf4 Re8 23. Qh4 h5 24. Qg3 d5 25. Ne5 Be6 26. Na4 Nxe4 27. Rxe4 dxe4 28. Nc5 Qd5 29. Bc4 Rxc5 30. Bxd5 Rc1+ 31. Kh2 Nxd5 32. Be3 Rcc8 33. Re2 Bf5 34. Bf4 Nb4 35. Qb3 Nd3 36. Be3 Nxe5 37. dxe5 Bxe5+ 38. g3 Red8 39. Rd2 h4 40. Rxd8+ Rxd8 41. Qc4 hxg3+ 42. fxg3 Rd3 43. Bf4 Bxf4 44. gxf4 e3 45. Kg2 Rd2+ 46. Kf3 e2 47. Kf2 Rxb2 48. Qc3 Rc2 49. Qa3 Bxh3 50. Qxh3 Rc6 51. Kxe2 Kg7 52. Qa3 Re6+ 53. Kf3 Rf6 54. Kg4 Re6 55. Qc3+ Kh7 56. Qd4 Kg8 57. Qd8+ Kg7 58. Qd4+ Kh7 59. Qd5 Kg7 60. Qg5 Kh7 61. Qh4+ Kg7 62. Qf2 Kg8 63. Qc5 Kg7 64. Qd4+ Kg8 65. Qd8+ Kg7 66. Qe8 Re4 67. Kg3 Re3+ 68. Kf2 Re4 69. Kf3 Re6 70. Qd7 1/2-1/2

[Event "Wch U16 blitz"]
[Site "Terme Catez"]
[Date "2024.12.16"]
[Round "16"]
[White "Asylov, Miras"]
[Black "Povshednyi, Ivan"]
[Result "1-0"]
[WhiteElo "2138"]
[BlackElo "2230"]
[PlyCount "88"]
[EventDate "2024.12.16"]
[EventType "swiss (blitz)"]
[EventRounds "22"]
[EventCountry "SLO"]
[SourceTitle "CB51_2024"]
[SourceDate "2024.12.18"]
[SourceVersion "1"]
[SourceVersionDate "2024.12.18"]
[SourceQuality "1"]

1. e4 c6 2. d3 d5 3. Nf3 Bg4 4. h3 Bxf3 5. Qxf3 e6 6. g3 g6 7. Bg2 Bg7 8. 0-0 Ne7 9. Qe2 0-0 10. Nd2 Na6 11. c3 d4 12. c4 Nc5 13. f4 f5 14. b3 Kh8 15. Ba3 Qa5 16. Nb1 Qb6 17. Nd2 Rae8 18. e5 a5 19. Nf3 Na6 20. Ng5 c5 21. Rab1 Ng8 22. Bc1 Nh6 23. Bd2 Nf7 24. Nf3 Nb4 25. Rb2 Nc6 26. a3 g5 27. Rfb1 gxf4 28. gxf4 Qd8 29. Qf2 Rg8 30. Qh4 Qxh4 31. Nxh4 Bf8 32. Kf2 Be7 33. Nf3 Rg6 34. Rg1 Ra8 35. Bh1 Rxg1 36. Kxg1 Kg7 37. Kf2 Nh8 38. Ne1 Ng6 39. Nf3 Nh4 40. Nxh4 Bxh4+ 41. Kf1 Kf7 42. Bf3 Ke8 43. Bc1 Kf7 44. Rg2 Be7 1-0

[Event "Wch U16 blitz"]
[Site "Terme Catez"]
[Date "2024.12.16"]
[Round "15"]
[White "Povshednyi, Ivan"]
[Black "Asylov, Miras"]
[Result "0-1"]
[WhiteElo "2230"]
[BlackElo "2138"]
[PlyCount "90"]
[EventDate "2024.12.16"]
[EventType "swiss (blitz)"]
[EventRounds "22"]
[EventCountry "SLO"]
[SourceTitle "CB51_2024"]
[SourceDate "2024.12.18"]
[SourceVersion "1"]
[SourceVersionDate "2024.12.18"]
[SourceQuality "1"]

1. Nf3 Nf6 2. g3 b6 3. Bg2 Bb7 4. 0-0 g6 5. c4 Bg7 6. d4 0-0 7. d5 Na6 8. Nc3 Nc5 9. Nd4 e5 10. Nc2 a5 11. b3 d6 12. Rb1 Nfd7 13. a3 f5 14. b4 axb4 15. axb4 Na4 16. Nxa4 Rxa4 17. Nd4 Qa8 18. Ne6 Rc8 19. e4 fxe4 20. Nxg7 Kxg7 21. Qg4 Nf6 22. Qh4 Ng8 23. f4 exf3 24. Bxf3 b5 25. Bg4 Rf8 26. Rxf8 Qxf8 27. Bg5 h6 28. Be3 Qf6 29. Qh3 e4 30. Rf1 Ra1 31. Rxa1 Qxa1+ 32. Kf2 bxc4 33. Be6 Qf6+ 34. Ke2 h5 35. Bxg8 Kxg8 36. Qd7 Bxd5 37. Qc8+ Kh7 38. Qxc7+ Bf7 39. Qb6 c3 40. Qd4 Qf3+ 41. Ke1 c2 42. Bc1 Qh1+ 43. Kd2 Qd1+ 44. Kc3 Qxc1 45. Qf6 Qa1+ 0-1

[Event "Wch U16 rapid"]
[Site "Terme Catez"]
[Date "2024.12.14"]
[Round "3"]
[White "Markosek, Bine"]
[Black "Asylov, Miras"]
[Result "0-1"]
[WhiteElo "1983"]
[BlackElo "2127"]
[PlyCount "138"]
[EventDate "2024.12.14"]
[EventType "swiss (rapid)"]
[EventRounds "11"]
[EventCountry "SLO"]
[SourceTitle "CB51_2024"]
[SourceDate "2024.12.18"]
[SourceVersion "1"]
[SourceVersionDate "2024.12.18"]
[SourceQuality "1"]

1. e4 c5 2. Nf3 d6 3. Bb5+ Nd7 4. 0-0 a6 5. Bd3 Ngf6 6. c3 e6 7. Bc2 b5 8. d4 Bb7 9. Re1 Be7 10. Bf4 Qb6 11. Nbd2 cxd4 12. cxd4 0-0 13. Nf1 Rfc8 14. Ng3 Nf8 15. Bb3 a5 16. a3 a4 17. Ba2 b4 18. axb4 Qxb4 19. d5 e5 20. Nf5 Bd8 21. Qd2 Qxd2 22. Bxd2 Ra6 23. Bb4 Ne8 24. Rac1 g6 25. Ne3 Ba5 26. Rxc8 Bxc8 27. Rc1 Bxb4 28. Rxc8 Nf6 29. Rb8 Bc5 30. Bc4 Ra7 31. Nd2 Kg7 32. h3 N8d7 33. Rb5 Nb6 34. Bd3 a3 35. bxa3 Rxa3 36. Rb3 Ra1+ 37. Kh2 Ra2 38. Nec4 Nxc4 39. Nxc4 Rxf2 40. Rb2 Rxb2 41. Nxb2 Kh6 42. g3 Kg5 43. Kg2 h5 44. h4+ Kh6 45. Nd1 Bd4 46. Nf2 Bxf2 47. Kxf2 g5 48. Kf3 Ng8 49. Bb5 Nf6 50. Bd3 Kg6 51. Bb5 gxh4 52. gxh4 Ng8 53. Bd7 Ne7 54. Bb5 Kg7 55. Kg3 Ng6 56. Bd7 Kf6 57. Bc8 Ke7 58. Ba6 Nf4 59. Bb5 Kd8 60. Ba4 Ke7 61. Bb5 f5 62. Kf3 Kf6 63. Be8 Ng6 64. exf5 Nxh4+ 65. Ke4 Nxf5 66. Bd7 Ne7 67. Be6 Kg5 68. Kf3 Ng6 69. Bd7 Nf4 0-1

[Event "Wch U16 rapid"]
[Site "Terme Catez"]
[Date "2024.12.14"]
[Round "4"]
[White "Sapenov, Daniyal"]
[Black "Asylov, Miras"]
[Result "1/2-1/2"]
[WhiteElo "2344"]
[BlackElo "2127"]
[PlyCount "144"]
[EventDate "2024.12.14"]
[EventType "swiss (rapid)"]
[EventRounds "11"]
[EventCountry "SLO"]
[SourceTitle "CB51_2024"]
[SourceDate "2024.12.18"]
[SourceVersion "1"]
[SourceVersionDate "2024.12.18"]
[SourceQuality "1"]

1. d4 Nf6 2. c4 e6 3. Nc3 Bb4 4. e3 0-0 5. Bd3 d5 6. a3 Bxc3+ 7. bxc3 dxc4 8. Bxc4 c5 9. Ne2 Qc7 10. Bd3 Nc6 11. f4 Rd8 12. 0-0 b6 13. Ng3 Bb7 14. Qe2 Rac8 15. Bb2 Na5 16. Rac1 a6 17. c4 cxd4 18. exd4 Qd6 19. d5 Nb3 20. Bxf6 gxf6 21. Qg4+ Kf8 22. Rce1 f5 23. Qh4 Nc5 24. Qh6+ Ke8 25. Nxf5 Qf8 26. Qh3 Kd7 27. dxe6+ Nxe6 28. Ne3 Kc7 29. Nd5+ Kb8 30. f5 Nc5 31. Bb1 b5 32. Ne7 Rc7 33. Nd5 Rcc8 34. Ne7 Rc7 35. Qe3 bxc4 36. f6 h5 37. Rc1 Nd7 38. Be4 Nxf6 39. Bxb7 Rxe7 40. Qg3+ Kxb7 41. Rb1+ Ka7 42. Qf2+ Ka8 43. Qb6 Rdd7 44. Qxa6+ Ra7 45. Qc6+ Reb7 46. Rxf6 Kb8 47. Rxb7+ Rxb7 48. Qxc4 Rb1+ 49. Rf1 Rxf1+ 50. Kxf1 Qxa3 51. Qxf7 Qc1+ 52. Kf2 Qd2+ 53. Kg3 Qg5+ 54. Kf3 Qg4+ 55. Kf2 Qd4+ 56. Kf3 Qg4+ 57. Ke3 Qxg2 58. Qxh5 Kc7 59. Qf7+ Kd8 60. Qf8+ Kd7 61. Qf7+ Kd8 62. Qf6+ Ke8 63. h4 Qg1+ 64. Ke4 Qe1+ 65. Kd5 Qa5+ 66. Ke6 Qb6+ 67. Kf5 Qf2+ 68. Kg6 Qxf6+ 69. Kxf6 Kf8 70. h5 Kg8 71. h6 Kh8 72. h7 Kxh7 1/2-1/2